000 00514nam a22001697a 4500
005 20251108163332.0
008 250721s1980 xx 000 0 ara d
082 1 4 _a131.32/كن
245 1 0 _aكن مسالماً لا مستسلماً /
264 1 _aبيروت :
_bدار الآفاق الجديدة،
_c1980.
300 _a159 ص
490 0 _aالسيكولوجية المبسطة
650 1 7 _aالصحة النفسية
650 1 7 _aعلم النفس الفسيولوجي
942 _2ddc
_cBK
999 _c120
_d120